| 000 | 00933nam a2200301Ia 4500 | ||
|---|---|---|---|
| 003 | OSt | ||
| 005 | 20221007125457.0 | ||
| 006 | a|||||r|||| 00| 0 | ||
| 007 | ta | ||
| 008 | 221006b |||||||| |||| 00| 0 eng d | ||
| 020 | _a390639025X (hbd) | ||
| 024 | _a1751 | ||
| 037 | _cTextual | ||
| 040 |
_aCDL _cCDL _beng |
||
| 041 |
_2eng _aeng |
||
| 082 | _aLZ3:(E), P3 Carc | ||
| 100 |
_aTesta Bernard _9722007 |
||
| 245 | 0 |
_aHydrolysis in drug and prodrug metabolism: Chemistry, biochemistry, and enzymology _b Mayer Joechim M. |
|
| 260 |
_aGermany _bWiley-VCH GmbH & Co. KGaA _c2003 |
||
| 300 |
_axx, 780p. _ccm. |
||
| 500 | _aIndex 753-780p | ||
| 650 | _a Chemistry | ||
| 650 |
_a Prodrug metabolism _9722008 |
||
| 650 |
_aPharmocology _9722009 |
||
| 700 |
_a Mayer Joechim M. _9722010 |
||
| 942 |
_hLZ3:(E), P3 Carc _cTEXL _2CC |
||
| 999 |
_c1215360 _d1215360 |
||